000
00351nam a2200169Ia 4500
100
_a
SULLIVAN/JAMES.E.
650
_a
PHILOPSOPHY
942
_c
BK
366
_f
25
654
_a
LISTNER
245
_a
GOOD LISTNER
260
_b
BETTER YOURSELF BOOK
_a
Bandra
_c
2000
082
_a
170/SUL
_b
SUL
300
_a
154
546
_a
ENGLISH
999
_c
28437
_d
28437